000
00308nam a22001217a 4500
082
_a
200
_b
NAN/B
100
_a
NANJIO, SIKSHANANDA
245
_a
THE BUDDHABHASITA DASABHADRA KARMAMARGA SUTRA
260
_a
TAIWAN
_b
THE BUDDHA EDUCATIONAL FOUNDATION
300
_a
32
650
_a
SPIRITUAL
_z
TAIWAN
942
_c
BK
999
_c
4705
_d
4705